El TLC y la defensa de la vida humana. De cómo los artículos 9.14 y 10.9.3 del TLC aceptan que el llibre comercio es un "valor" superior incluso, a la vida humana
में बचाया:
| मुख्य लेखक: | |
|---|---|
| निगमित लेखक: | |
| स्वरूप: | पुस्तक |
| भाषा: | Spanish |
| प्रकाशित: |
San José, Costa Rica
DEI
2004
|
| विषय: | |
| टैग: |
टैग जोड़ें
कोई टैग नहीं, इस रिकॉर्ड को टैग करने वाले पहले व्यक्ति बनें!
|
MARC
| LEADER | 00000nam a22000007a 4500 | ||
|---|---|---|---|
| 003 | cru CIDCACS/IIS | ||
| 005 | 20181127104027.0 | ||
| 008 | 181127b2004 ||||| |||| 00| 0 spa d | ||
| 999 | |c 41918 |d 41918 | ||
| 040 | |c cru CIDCACS/IIS | ||
| 090 | |a REV0750 (114) 2004 | ||
| 100 | 1 | |9 5450 |a Mora Jiménez, Henry | |
| 110 | 2 | |9 7636 |a Departamento Ecuménico de Investigaciones (DEI) | |
| 245 | |a El TLC y la defensa de la vida humana. |b De cómo los artículos 9.14 y 10.9.3 del TLC aceptan que el llibre comercio es un "valor" superior incluso, a la vida humana |c Henry Mora Jiménez | ||
| 260 | |a San José, Costa Rica |b DEI |c 2004 | ||
| 300 | |a 1-3 páginas. | ||
| 650 | 0 | |9 305 |a TLC | |
| 650 | 0 | |9 2234 |a CONSERVACION DE LA NATURALEZA | |
| 650 | 0 | |9 489 |a ACCESO A LA SALUD | |
| 650 | 0 | |9 289 |a POLITICA SOCIAL | |
| 773 | 0 | |0 41641 |9 2429 |a Departamento Ecuménico de Investigaciones (DEI) |d San José, Costa Rica Departamento Ecuménico de Investigaciones (DEI) |o 20205 |t Pasos / | |
| 942 | |2 ddc |c PP | ||
